000 00805nam a2200241 4500
001 13433
003 HDC
007 cr bn ---aaaaa
008 210212c xx dr|nes 0 a may d
040 _aHDC
245 0 _aPM saksi MoU program gedung makanan negara
260 _a[No place] :
_b[publisher not identified],
_c[no year]
336 _atext
_2rdacontent
337 _acomputer
_2rdamedia
338 _aonline resource
_2rdacarrier
650 _aFood industry and trade
_9140
650 _aHalal food industry
_zMalaysia
_9218
710 _aUtusan Malaysia
856 _zRequest full-text at [email protected]
942 _2lcc
942 _cNEWS
942 _kNWSC 004400
999 _c10749
_d10749